| 000 | 00348nam a2200145Ia 4500 | ||
|---|---|---|---|
| 008 | 230312s9999||||xx |||||||||||||| ||und|| | ||
| 020 | _a1-118-07262-2 | ||
| 082 |
_a343.730 _bBLO-T |
||
| 100 | _aBlock | ||
| 245 | 0 | _aTax Prepaper A Guide to Form 1040 | |
| 260 |
_bWiley _aUSA _c2013 |
||
| 300 | _a568 | ||
| 650 |
_aComputer _vComputer |
||
| 942 | _cBK | ||
| 999 |
_c15607 _d15607 |
||